000
00283nam a22001217a 4500
008
181217b xxu||||| |||| 00| 0 eng d
041
_a
eng
080
_a
701
100
_a
44
101
_a
ART
245
_a
Master Paintings from The Phillips Collection
_c
Green,E
942
_2
udc
_c
BK
999
_c
53228
_d
53228